000 00438nam a2200145Ia 4500
008 240729s9999 xx 000 0 und d
022 _a2499-930X
245 0 _aJournal of Mediterranean Knowledge
260 _aItaly
260 _bInternational Centre for Studies and Research Mediterranean Knowledge
650 _aSocial Sciences
856 _uhttps://doaj.org/toc/a748bc46e36343c0857ef05e331df6fd
942 _2ddc
942 _cDOAJEJ
999 _c67226
_d67226
945 _a1
_bMadushi Gamage
_c1
_dMadushi Gamage